México en 1554 : tres diálogos latinos /

El toledano Francisco Cervantes de Salazar (1514?-1575), quien ha sido calificado como el padre del humanismo mexicano, llegó en 1551 a México, donde fue uno de los fundadores de la Universidad Nacional (1553). Cervantes de Salazar escribió México en 1554, tres diálogos que describen la organización...

Mô tả đầy đủ

Đã lưu trong:
Chi tiết về thư mục
Tác giả chính: Cervantes de Salazar, Francisco (autor)
Tác giả khác: Jiménez Rueda, Julio (preliminares) (preliminares), García Icazbalceta, Joaquín (notas y traducción) (notas y traducción)
Định dạng: Sách
Ngôn ngữ:Tiếng Tây Ban Nha
Được phát hành: México : UNAM, 1964, c1964
Phiên bản:3a edición
Loạt:(Biblioteca del Estudiante Universitario ; 3)
Những chủ đề:
Các nhãn: Thêm thẻ
Không có thẻ, Là người đầu tiên thẻ bản ghi này!

MARC

LEADER 00000nam^a2200000^a^4500
001 000125310
005 20250521000000.0
009 20260310094646.839
037 |a Acervo ITESO - Biblioteca 
041 |a ESP 
082 |a 972. 53203  |b CER 
100 |a Cervantes de Salazar, Francisco  |e (autor) 
240 1 1 |a [México en 1554, tres diálogos latinos] 
245 1 0 |a México en 1554 :  |b tres diálogos latinos /  |c F. Cervantes de Salazar ; prelim. de J. Jiménez Rueda ; notas y tr. por J. García Icazbalceta. 
250 |a 3a edición 
264 4 |a México :  |b UNAM,  |c 1964, c1964 
300 |a VIII, 128, [19] p. 
336 |a texto  |b txt  |2 rdacontenido 
337 |a sin mediación  |b n  |2 rdamedio 
338 |a volumen  |b nc  |2 rdasoporte 
440 1 |a (Biblioteca del Estudiante Universitario ;  |v 3) 
520 |a El toledano Francisco Cervantes de Salazar (1514?-1575), quien ha sido calificado como el padre del humanismo mexicano, llegó en 1551 a México, donde fue uno de los fundadores de la Universidad Nacional (1553). Cervantes de Salazar escribió México en 1554, tres diálogos que describen la organización de la recién creada universidad y la vida y costumbres de los habitantes de la capital novohispana, con el propósito de facilitar el estudio del latín. 
649 |a XX 
650 |a Universidades -  |z México -  |x Historia 
650 |a Diálogos 
650 |a Literatura en Latín 
650 |a Literatura Española -  |y Siglo XVI 
650 |a Literatura Española -  |y Epoca Clásica, 1500-1700 
650 |a Educación Superior -  |z México -  |x Historia -  |y Siglo XVI 
650 |a Educación -  |z México -  |x Historia -  |y Siglo XVI 
650 |a México (Ciudad) en la Literatura 
650 |a México (Ciudad) -  |x Historia -  |y Siglo XVI -  |x Tema Principal 
650 |a México (Ciudad) -  |x Historia -  |y Virreinato, 1535-1821 
650 |a México (Ciudad) -  |x Historia -  |y Epoca Colonial, 1517-1821 
650 |a México -  |x Historia -  |y Siglo XVI 
650 |a México -  |x Historia -  |y Virreinato, 1535-1821 
650 |a México -  |x Historia -  |y Epoca Colonial, 1517-1821 
650 |a UNAM -  |x Historia -  |x Tema Principal 
700 |a Jiménez Rueda, Julio  |e (preliminares) 
700 |a García Icazbalceta, Joaquín  |e (notas y traducción) 
910 |a Fondo Salvador Reynoso Reynoso 
920 |a Impresos - Libros 
930 |a Fondos Especiales 
905 |a 112 
901 |a 0800008127  |b IT2  |c ESP  |u 20250521 
902 |a https://opac.biblio.iteso.mx/vufind/Record/000125310